000 00704nam a2200217Ia 4500
005 20230821120704.0
008 131103s9999 xx 000 0 und d
040 _aLoreto College
041 _aEnglish
082 _a915
_bCRE
100 _aCressey,George B.
245 _aAsia's lands and peoples
_b a geography of one - third the earth and two - thirds its people
_cGeorge B.Cressey
260 _aNew York
_bMcGraw - Hill Book Company
_c1951
300 _ax,597 p.
_b illus.,maps
440 _aMcGraw - Hill Series In Geography
504 _aIncludes bibliographical references and index
650 _aAsia - Geography
700 _aWeaver,John C.,series ed.
850 _aLCLIB
942 _cBK
999 _c12521
_d63000